Statistiques concernant Culture Générale - Série 1271

Cliquez ici pour prendre le quiz!

Statistiques générales

  • Ce quiz a été pris 34 fois
  • Le résultat moyen est 3 sur 10

Statistiques - réponses

QuestionRéponse% Correct
Comment appelle-t-on lepistolet à impulsion électrique, dont le nom provient de Thomas A. Swift's Electrical Rifle ?taser
75%
Quel est le prénom du cinéaste Méliès (1861-1938) ?Georges
56%
Quel texte historique, reconnaissant une seconde religion en France, le pape Clément VIII a-t-il appelé “l'édit maudit” ?L'édit de Nantes
53%
Comment se prénomme la soeur de Sylvain, dans la bande dessinée créée en 1941 par Maurice Cuvillier ?Sylvette
44%
Dans quel département français est située la commune balnéaire de Binic ?Côtes-d'Armor
41%
Quel nom, en forme de calembour, porte le reporter de bande dessinée créé en 1955 par Duchâteau et Tibet ?Ric Hochet
16%
Dans la mythologie grecque, il est le frère cadet d'Iphigénie et d'ÉlectreOreste
13%
Quel écrivain a créé le personnage d'Odette de Crécy en 1913 ?Marcel Proust
13%
Dans la série de bandes dessinées "Alix" de Jacques Martin, comment se prénomme le compagnon d'aventures d'Alix ?Enak
6%
Dans quelle série de bandes dessinées de Patrice Pellerin peut-on suivre les aventures du chevalier Yann de Kermeur ?L'Épervier
3%

Distribution des résultats

Percentile par nombre de réponses

% des personnes avec chaque résultat

Votre développement - résultats

Vous n’avez pas pris ce quiz